000 00248nam a2200097Ia 4500
001 1001430
005 20250826230410.0
008 250824s9999 xx 000 0 und d
245 0 _aFİNCANDAKİ FIRTINA
_cHELEN CZERSKI
260 _bDOMİNGO YAYINLARI
999 _c1001430
_d1001430